000
002460000a22000970004500
100
1
_a
Bonilla A., Plutarco
245
1
0
_a
Vida en la muerte
300
_a
Vol. 50, Núm 217 (1995), Páginas 11-13
773
0
_t
La Biblia de las Américas
942
_c
ANA
999
_c
51373
_d
51373